000 01090nam a2200265Ia 4500
003 OSt
005 20221005105740.0
006 a|||||r|||| 00| 0
007 ta
008 221004b |||||||| |||| 00| 0 san d
020 _a817309036X (hbk)
024 _a26385
037 _bGift, 04/05/2016,
_cTextual
040 _aCRL
_cCRL
_bsan
041 _2san
_asan
082 _aO15,1A2:g, 152P3
100 _aअग्रवाल, वासुदेवशरण
245 0 _aभारत सावित्री
_b महाभारत का एक नवीन एवं सारगर्भित अध्ययन
246 _aBhārat sāvitrī: mahābhārat kā ek navīn evan sāragarbhit adhyayana
260 _aनई दिल्ली
_bसस्ता प्रकाशन मण्डल भारत
_c2003
300 _a800पृ0
_ccm.
650 _aसंस्कृत साहित्य
942 _hO15,1A2:g, 152P3
_cTEXL
_2cc
999 _c1016796
_d1016796